Practical design of ships and other floating structures : proceedings of the Eighth International Symposium on Practical Design of Ships and Other Floating Structures, 16-21 September, 2001, Shanghai, China /

This proceedings contains the papers presented at The 8th International Symposium on Practical Design of Ships and Other Floating Structures held in China in September 2001 - the first PRADS of the 21st Century. The overall aim of PRADS symposia is to advance the design of ships and other floating s...

Full description

Bibliographic Details
Corporate Author: International Symposium on Practical Design of Ships and Other Floating Structures Shanghai, China
Other Authors: Wu, You-Sheng, Cui, Wei-Cheng, Zhou, Guo-Jun
Format: Conference Proceeding eBook
Language:English
Published: Amsterdam ; New York : Elsevier, 2001.
Edition:1st ed.
Subjects:
Online Access:Connect to the full text of this electronic book (volume 1)

MARC

Tag First Indicator Second Indicator Subfields
LEADER 00000cam a2200000Ia 4500
001 in00002425184
005 20190327171602.0
006 m d
007 cr cn|||||||||
008 070806s2001 ne a sb 101 0 eng d
020 |a 9780080439501 
020 |a 0080439500 
035 |a (OCoLC)ocn162566811 
035 |a (OCoLC)162566811 
037 |a 123039:128557  |b Elsevier Science & Technology  |n http://www.sciencedirect.com 
040 |a OPELS  |c OPELS  |d UtOrBLW 
049 |a TEFA 
050 1 4 |a VM156  |b .I5695 2001eb 
082 0 4 |a 623.8/1  |2 22 
111 2 |a International Symposium on Practical Design of Ships and Other Floating Structures  |n (8th :  |d 2001 :  |c Shanghai, China) 
245 1 0 |a Practical design of ships and other floating structures :  |b proceedings of the Eighth International Symposium on Practical Design of Ships and Other Floating Structures, 16-21 September, 2001, Shanghai, China /  |c edited by You-Sheng Wu, Wei-Cheng Cui, and Guo-Jun Zhou. 
250 |a 1st ed. 
264 1 |a Amsterdam ;  |a New York :  |b Elsevier,  |c 2001. 
300 |a 1 online resource (2 volumes (xxii, 1350, I13 pages)) :  |b illustrations 
336 |a text  |b txt  |2 rdacontent 
337 |a computer  |b c  |2 rdamedia 
338 |a online resource  |b cr  |2 rdacarrier 
520 |a This proceedings contains the papers presented at The 8th International Symposium on Practical Design of Ships and Other Floating Structures held in China in September 2001 - the first PRADS of the 21st Century. The overall aim of PRADS symposia is to advance the design of ships and other floating structures as a professional discipline and science by exchanging knowledge and promoting discussion of relevant topics in the fields of naval architecture and marine and offshore engineering. In line with the aim, in welcoming the new era, this Symposium is intended to increase international co-operation and give a momentum for the new development of design and production technology of ships and other floating structures for efficiency, economy, safety, and environmental production. The main themes of this Symposium are Design Synthesis, Production, Hydrodynamics, Structures and Materials of Ships and Floating Systems. Proposals for over 270 papers from 26 countries and regions within the themes were received for PRADS 2001, and about 170 papers were accepted for presentation at the symposium. With the high quality of the proposed papers the Local Organising Committee had a difficult task to make a balanced selection and to control the total number of papers for fitting into the allocated time schedule approved by the Standing Committee of PRADS. Volume I covers design synthesis, production and part of hydrodynamics. Volume II contains the rest of hydrodynamics, and structures and materials. 
505 0 |a Volume 1. Plenary Lectures. Design Synthesis for Ships and Floating Systems. Production. Hydromechanics. Volume 2. Hydromechanics (continued). Structures and Materials. 
504 |a Includes bibliographical references and indexes. 
500 |a Electronic resource. 
650 0 |a Naval architecture  |v Congresses. 
655 7 |a Electronic books.  |2 local 
700 1 |a Wu, You-Sheng. 
700 1 |a Cui, Wei-Cheng. 
700 1 |a Zhou, Guo-Jun. 
730 0 |a Referex. 
776 1 |c Original  |z 0080439500  |z 9780080439501  |w (DLC) 2001042933  |w (OCoLC)47283146 
856 4 0 |u http://proxy.library.tamu.edu/login?url=http://www.sciencedirect.com/science/book/9780080439501  |z Connect to the full text of this electronic book (volume 1)  |t 0 
994 |a C0  |b TEF 
999 |a MARS 
999 f f |s 0020f1bb-4ad2-3774-a17d-452b00e841a6  |i 04388811-8730-3839-a8a2-1f977559cbd3  |t 0 
952 f f |a Texas A&M University  |b College Station  |c Electronic Resources  |d Available Online  |t 0  |e VM156 .I5695 2001eb  |h Library of Congress classification 
998 f f |a VM156 .I5695 2001eb  |t 0  |l Available Online